| 000 | 00741cam a2200229 a 4500 | ||
|---|---|---|---|
| 001 | 4470870 | ||
| 005 | 20180813040022.0 | ||
| 008 | 960502s1996 caua b 001 0 eng | ||
| 010 | _a 96021773 | ||
| 020 | _a0962297585 | ||
| 040 |
_aDLC _cDLC _dDLC |
||
| 041 | _aeng | ||
| 080 | _a618.9201 | ||
| 082 | 0 | 0 |
_a618.9201 _220 |
| 100 | _a7 | ||
| 101 | _aPED | ||
| 245 | 0 | 0 |
_aNewborn intensive care : _c[edited by] Jeanette Zaichkin. |
| 504 | _aIncludes bibliographical references (p. 415-422) and index. | ||
| 906 |
_a7 _bcbc _corignew _d1 _eocip _f19 _gy-gencatlg |
||
| 942 |
_2ddc _cBK |
||
| 999 |
_c47009 _d47009 |
||